000 00487nam a2200181Ia 4500
001 8096
005 20260306160544.0
008 260306t2015||||xx |||||||||||||| ||spa||
041 _aESP
082 _a370.1
_bR68
100 _aRivas, Axel
_eAUT
245 0 _aAmérica Latina después de PISA:
_blecciones aprendidas de la educación en siete países (2000-2015)
260 _c2015
300 _a353 páginas :
_c23 cm.
650 _aGEN
654 _aCED
942 _cLIB
_dJUS
_fJUS
_2ddc
_n
999 _c8096
_d8096